| 000 | 01519cam a2200445Ia 4500 | ||
|---|---|---|---|
| 001 | 7145062 | ||
| 003 | OSt | ||
| 005 | 20150624104130.0 | ||
| 006 | m d i | ||
| 007 | cr mn||||||||| | ||
| 008 | 090411s2004 sz sb i000 0 eng d | ||
| 020 | _z9280510048 | ||
| 035 | _a(OCoLC)ocn318539720 | ||
| 035 | _a(OCoLC)318539720 | ||
| 035 | _a(NNC)7145062 | ||
| 040 |
_aZCU _cZCU |
||
| 050 | 0 | 4 | _aK1401 |
| 082 | _a346.048 WIP | ||
| 245 | 0 | 0 |
_aWIPO intellectual property handbook _h[electronic resource] : _bpolicy, law and use. |
| 246 | 3 | _aWorld Intellectual Property Organization intellectual property handbook | |
| 246 | 3 | 0 | _aIntellectual property handbook |
| 250 | _a2nd ed. | ||
| 260 |
_aGeneva : _bWIPO, _c2004. |
||
| 490 | 1 |
_aWIPO publication ; _vno. 489(E) |
|
| 500 | _aTitle from PDF t.p. (viewed Apr. 15, 2009). | ||
| 504 | _aIncludes bibliographical references. | ||
| 538 | _aMode of access: World Wide Web. | ||
| 650 | 0 |
_aIntellectual property (International law) _91321 |
|
| 650 | 0 |
_aIndustrial property (International law) _91322 |
|
| 650 | 0 |
_aCopyright, International. _91323 |
|
| 650 | 0 |
_aTrademarks (International law) _91324 |
|
| 650 | 0 |
_aConflict of laws _xIntellectual property. _91325 |
|
| 710 | 2 |
_aWorld Intellectual Property Organization. _91326 |
|
| 830 | 0 |
_aWIPO publication ; _vno. 489(E) _91327 |
|
| 856 | 4 | 0 | _uhttp://www.columbia.edu/cgi-bin/cul/resolve?clio7145062 |
| 942 |
_2ddc _cBK |
||
| 948 | 1 |
_a20090415 _bc _cmw2064 _dOSMC |
|
| 999 |
_c452 _d452 |
||